000 01392nam a2200325 i 4500
001 16970
003 ES-MaACL
005 20251114151250.0
007 t|
008 001127s1958 sp ||||1| spa d
080 _a73 Chirino, Martín (064.3)
100 1 _aChirino, Martín,
_d1925-2019
_9237066
245 1 4 _aLos hierros de Martín Chirino
_b: [exposición, Sala del Prado del Ateneo de Madrid, 28 febrero-14 marzo de 1958] /
_c[texto de] José Ayllón.
260 _aMadrid :
_bAteneo,
_c1958.
300 _a[32] p. :
_bprincipalmente il. n. ;
_c22 cm.
490 1 _aCuadernos de arte. Colección ordinaria ;
_v29
600 0 4 _aChirino, Martín,
_d1925-2019-
_vExposiciones
_938553
610 2 4 _aAteneo de Madrid-
_vExposiciones-
_y1950-1959
_91919
610 2 _aAteneo de Madrid-
_vObras digitalizadas.
_91930
655 7 _2tgfbne
_9193628
_aCatálogos de exposiciones
700 1 _aAyllón, José.
_924164
710 2 _aAteneo de Madrid.
_bSala del Prado.
_91965
830 0 _aCuadernos de arte. Colección ordinaria
_v29
_9180064
852 _aES-MaACL
_j2160-F-2
_cDEPOF
_zRevisado enlace: 22 de Abril de 2025
852 _aES-MaACL
_j2189-F-19
_cDEPOF
_zRevisado enlace: 22 de Abril de 2025
852 _aES-MaACL
_jG-13293(3)
_cSPP3
856 4 _uhttp://www.ateneodemadrid.com/biblioteca_digital/folletos/CACo-029.pdf
_zVer documento
942 _2udc
999 _c16970
_d16970